000 00627nam a22001817a 4500
003 UA-OsUOA
001 14200
007 ta
008 20030723b un ||||| |||| 00| 0 ukr d
100 _aШашук В.
942 _cSA
040 _aUA-OsUOA
_cUA-OsUOA
_dUA-OsUOA
245 _aМає руки хірурга від всевишнього
_b[Про голов. лікаря Сарнен. центр. район. лікарні М.Панасюка]
300 _aС.2
955 _a0
773 0 _w0
_tСарненські новини
_dСарни
_d2003
_g№58/12 черв./
650 7 _aКраєзнавча робота
_2UDC
999 _c300361
_d300361